000 00897nam a2200289 i 4500
001 344626
003 OSt
005 20140310182648.0
008 760730s1976 inua 000 0 eng
010 _a 76015218
020 _c$3.50
040 _aDLC
_cDLC
_dDLC
050 0 0 _aBJ 1249
_b.F513 1976
082 0 0 _aM 241.042
_bF49 1976
100 1 _aFinley, James.
245 1 0 _aChristian morality & you :
_bright & wrong in an age of freedom /
_cFinley, James
260 _aNotre Dame, Ind. :
_bAve Maria Press,
_cc1976.
300 _a191 p. :
_bill. ;
_c23 cm.
521 _aCollege Students
526 _c1210L to 1700L
541 _j1
562 _efor circulation. 1 copy available in the collection
650 0 _aChristian ethics
_xCatholic authors.
700 1 _aPennock, Michael,
_ejoint author.
906 _a7
_bcbc
_corignew
_d2
_eocip
_f19
_gy-gencatlg
942 _2lcc
_cBK
_kM
999 _c15085
_d15085